City travel briefing - Zurich : October 2009.
| Format: | Book |
|---|---|
| Published: |
London:
Euromonitor International,
2009.
|
| Series: | Global reports : October 2009
|
| Subjects: |
| LEADER | 00508cam a2200157 7i4500 | ||
|---|---|---|---|
| 001 | 0000024940 | ||
| 005 | 20100729090000.0 | ||
| 090 | 0 | 0 | |a SWTZ 338.4791 |b CIT |
| 245 | 0 | 0 | |a City travel briefing - Zurich : |b October 2009. |
| 260 | 0 | 0 | |a London: |b Euromonitor International, |c 2009. |
| 300 | # | # | |a 54 p. |
| 440 | 0 | 0 | |a Global reports : October 2009 |
| 650 | 0 | 0 | |a Tourism -- |z Zurich, Switzerland |
| 650 | 0 | 0 | |a Travel -- |z Zurich, Switzerland |
| 651 | 0 | 0 | |a Switzerland |
| 999 | |a B000026326 |b Book |c Countries |e Business Information Centre | ||